| 000 | 00485nam a2200169 a 4500 | ||
|---|---|---|---|
| 001 | 5406 | ||
| 003 | CDMR | ||
| 005 | 20130503132944.0 | ||
| 008 | 130130s1991||||||||||||||||||||||||||||d | ||
| 020 | _a8460401049 | ||
| 040 |
_aCDMR _bcat _cCPC GIRONA |
||
| 110 |
_92838 _aFundació Dr. Antonio Esteve |
||
| 245 | 0 | 0 |
_aPeriodismo científico _b: un simposio internacional |
| 260 |
_c1991 _bFundación Dr. Antonio Esteve _aBarcelona |
||
| 650 | 0 | 4 |
_92804 _aPeriodisme científic |
| 942 |
_cMON _2ddc |
||
| 999 |
_c5406 _d5406 |
||